• AIU
  • Tony Wilmot Memorial Library

Manatiti. (Record no. 39726)

MARC details
000 -LEADER
fixed length control field 00634nam a22002051a 4500
005 - DATE AND TIME OF LATEST TRANSACTION
control field 20110718133052.0
008 - FIXED-LENGTH DATA ELEMENTS--GENERAL INFORMATION
fixed length control field 091005s1982 001 0 eng d
020 ## - INTERNATIONAL STANDARD BOOK NUMBER
Terms of availability 0.00
040 ## - CATALOGING SOURCE
Original cataloging agency NEGST Library - Kenya
050 #4 - LIBRARY OF CONGRESS CALL NUMBER
Classification number 220.596
082 0# - DEWEY DECIMAL CLASSIFICATION NUMBER
Classification number 220.596
Item number M267
245 00 - TITLE STATEMENT
Title Manatiti.
260 ## - PUBLICATION, DISTRIBUTION, ETC. (IMPRINT)
Name of publisher, distributor, etc Societe Biblique Interna,
Date of publication, distribution, etc 1982.
300 ## - PHYSICAL DESCRIPTION
Extent 725 p. : ill.
500 ## - GENERAL NOTE
General note "Le Nouveau Testament en Bete." - T.p. verso. [Africana]
600 10 - SUBJECT ADDED ENTRY--PERSONAL NAME
Personal name Bete language - Texts.
600 10 - SUBJECT ADDED ENTRY--PERSONAL NAME
Personal name Bible. N.T. Bete. 1982.
852 ## - LOCATION/CALL NUMBER
-- 6.50
852 ## - LOCATION/CALL NUMBER
-- 12.00
Holdings
Withdrawn status Lost status Source of classification or shelving scheme Damaged status Not for loan Home library Current library Shelving location Date acquired Total Checkouts Full call number Barcode Date last seen Price effective from Koha item type
    Library of Congress Classification     AIU/NEGST - Tony Wilmot Memorial Library AIU/NEGST - Tony Wilmot Memorial Library Reference 10/05/2009   REF BS 325 B48 1982 R49027J3232 09/26/2019 10/05/2009 Reference